000 01559cam a2200397 a 4500
001 14651545
003 OSt
005 20140310184312.0
008 061130s2007 nyu c 000 1 eng
010 _a 2006035731
020 _a9781423101451
020 _a1423101456
040 _aDLC
_cDLC
_dDLC
042 _alcac
050 0 0 _aPZ 7
_b.R585Tc 2008
100 1 _aRiordan, Rick.
_918585
245 1 4 _aThe Titan's curse /
_cRick Riordan.
250 _a1st ed.
260 _aNew York, N.Y. :
_bScholastic Inc.,
_c2008.
300 _a312 p. ;
_c22 cm.
490 0 _aPercy Jackson & the Olympians ;
_vbk. 3
520 _aWhen the goddess Artemis disappears while hunting a rare, ancient monster, a group of her followers joins Percy and his friends in an attempt to find and rescue her before the winter solstice, when her influence is needed to sway the Olympian Council regarding the war with the Titans.
521 _aG4
526 _c630
650 1 _aMythology, Greek
_vFiction.
_923327
650 1 _aArtemis (Greek deity)
_vFiction.
_923328
650 1 _aAnimals, Mythical
_vFiction.
_923329
650 1 _aMonsters
_vFiction.
_923330
650 1 _aTitans (Mythology)
_vFiction.
_923331
856 4 2 _3Publisher description
_uhttp://www.loc.gov/catdir/enhancements/fy0912/2006035731-d.html
906 _a7
_bcbc
_corignew
_d1
_eecip
_f20
_gy-gencatlg
942 _2lcc
_cBK-SCHOLAS
999 _c33536
_d33536